LEADER 01360nam0 22002771i 450 001 UON00396493 005 20231205104637.233 010 $a978-88-637-2267-3 100 $a20110728d2011 |0itac50 ba 101 $aita 102 $aIT 105 $a|||| ||||| 200 1 $aSpazi e tempi del gioco nel Settecento$fa cura di Beatrice Alfonzetti e Roberta Turchi - Roma$eEdizioni di storia e letteratura, 2011 - VIII, 414 p. : ill. ; 24 cm. 410 1$1001UON00401494$12001 $aBiblioteca del XVIII secolo$eSerie della società italiana sul secolo XVIII$1210 $aRoma$cEdizioni di storia e letteratura.$v17 606 $aGIOCO NELLA LETTERATURA$xSec. 18.$xCongressi$x2006$3UONC080406$2FI 620 $aIT$dRoma$3UONL000004 676 $a809.933$cLetteratura con specifiche caratteristiche. Su temi e soggetti specifici$v21 702 1$aALFONZETTI$bBeatrice$3UONV198246 702 1$aTURCHI$bRoberta$3UONV129039 712 $aEdizioni di Storia e Letteratura$3UONV248478$4650 801 $aIT$bSOL$c20240220$gRICA 899 $aSIBA - SISTEMA BIBLIOTECARIO DI ATENEO$2UONSI 912 $aUON00396493 950 $aSIBA - SISTEMA BIBLIOTECARIO DI ATENEO$dSI COLL. FP 049 17 $eSI FP 22206 7 $sBuono 996 $aSpazi e tempi del gioco nel Settecento$9930590 997 $aUNIOR LEADER 03645nam 22007095 450 001 996635667103316 005 20251225183536.0 010 $a981-9608-88-0 024 7 $a10.1007/978-981-96-0888-1 035 $a(CKB)36959359200041 035 $a(MiAaPQ)EBC31826299 035 $a(Au-PeEL)EBL31826299 035 $a(DE-He213)978-981-96-0888-1 035 $a(OCoLC)1478697732 035 $a(EXLCZ)9936959359200041 100 $a20241210d2025 u| 0 101 0 $aeng 135 $aur||||||||||| 181 $ctxt$2rdacontent 182 $cc$2rdamedia 183 $acr$2rdacarrier 200 10$aAdvances in Cryptology ? ASIACRYPT 2024 $e30th International Conference on the Theory and Application of Cryptology and Information Security, Kolkata, India, December 9?13, 2024, Proceedings, Part II /$fedited by Kai-Min Chung, Yu Sasaki 205 $a1st ed. 2025. 210 1$aSingapore :$cSpringer Nature Singapore :$cImprint: Springer,$d2025. 215 $a1 online resource (500 pages) 225 1 $aLecture Notes in Computer Science,$x1611-3349 ;$v15485 311 08$a981-9608-87-2 327 $adigital signatures -- public-key cryptography -- pairing-based cryptography. 330 $aThe 9 volume set LNCS 15484-15492 constitutes the refereed proceedings of the 30th International Conference on the Theory and Application of Cryptology and Information Security, ASIACRYPT 2024, which took place in Kolkata, India, during December 9?13, 2024. The 127 full papers included in the proceedings were carefully reviewed and selected from 433 submissions. They were organized in topical sections as follows: Advances Primitives; homomorphic encryption; digital signatures; public-key cryptography; pairing-based cryptography, threshold cryptography; isogeny-based cryptography; post-quantum cryptography; secure data structures; lattice-based cryptography; lattice assumptions; key exchange protocols; succinct arguments; verifiable computation, zero-knowledge protocols; secure multiparty computation; blockchain protocols; information theoretic cryptography; secret sharing; security against physical attacks; cryptanalysis on symmetric-key schemes; cryptanalysis on public-key schemes; fault attacks and side-channel analysis; cryptanalysis on various problems; quantum cryptanalysis; quantum cryptography; symmetric-key cryptography. 410 0$aLecture Notes in Computer Science,$x1611-3349 ;$v15485 606 $aCryptography 606 $aData encryption (Computer science) 606 $aComputer networks 606 $aApplication software 606 $aData protection 606 $aComputer networks$xSecurity measures 606 $aCryptology 606 $aComputer Communication Networks 606 $aComputer and Information Systems Applications 606 $aSecurity Services 606 $aMobile and Network Security 615 0$aCryptography. 615 0$aData encryption (Computer science) 615 0$aComputer networks. 615 0$aApplication software. 615 0$aData protection. 615 0$aComputer networks$xSecurity measures. 615 14$aCryptology. 615 24$aComputer Communication Networks. 615 24$aComputer and Information Systems Applications. 615 24$aSecurity Services. 615 24$aMobile and Network Security. 676 $a005.824 700 $aChung$b Kai-Min$01782610 701 $aSasaki$b Yu$01695891 801 0$bMiAaPQ 801 1$bMiAaPQ 801 2$bMiAaPQ 906 $aBOOK 912 $a996635667103316 996 $aAdvances in Cryptology ? ASIACRYPT 2024$94309018 997 $aUNISA